Österreichische Bundeshymne - Statistiken

Allgemein
  • Dieses Quiz wurde 170 mal gespielt
  • Das Durchschnittsergebnis liegt bei 38 aus 81
Antwortstatistiken
Erste Strophe % Korrekt
der
99%
der
99%
der
99%
der
99%
Berge
98%
Land
97%
Land
97%
Land
97%
Land
97%
Land
97%
Strome
91%
Dome
89%
am
88%
Äcker
86%
und
83%
und
83%
und
83%
Österreich
81%
Österreich
81%
Österreich
81%
Österreich
81%
Österreich
81%
Österreich
81%
Söhne
79%
Töchter
78%
zukunftsreich
77%
das
76%
Hämmer
74%
Heimat
74%
Schöne
73%
für
71%
großer
69%
begnadet
65%
Vielgerühmtes
64%
Vielgerühmtes
64%
Volk
57%
du
42%
in
31%
in
31%
umstritten
30%
wild
29%
Heiß
28%
dem
27%
die
27%
Liegst
26%
umfehdet
26%
uns
26%
inmitten
24%
Vielgeliebtes
23%
Vielgeliebtes
23%
Erdteil
21%
Einem
20%
gleich
19%
Hast
19%
Vielgeprüftes
19%
Vielgeprüftes
19%
getragen
18%
Herzen
18%
Last
18%
seit
18%
starken
18%
frühen
17%
Ahnentagen
16%
Hoher
16%
Mutig
16%
Sendung
16%
Frei
14%
neuen
14%
Zeiten
14%
schreiten
13%
gläubig
12%
dir
11%
lass
11%
sieh
11%
Vaterland
11%
Einig
10%
hoffnungsreich
9%
Treue
9%
Arbeitsfroh
8%
schwören
8%
Jubelchören
4%
Keine übereinstimmenden Quizze gefunden
Verteilung der Resultate
Anzahl Personen mit jedem Resultat
Perzentil nach korrekt beantworteten Fragen
Ihre Resultats-Entwicklung
Sie haben dieses Quiz noch nicht gespielt